000 00777nam a2200241 a 4500
001 68725
003 BD-RjUL
005 20211209081813.0
008 170405s2007 ii ao||| |||| 001 0 eng d
020 _a8183210805
035 _a(BD-RjUL)68935
040 _aBD-RjUL
_beng
_cBD-RjUL
041 _aeng
082 _223
_a630.954
_bSUS 2007
245 0 0 _aSustainable agriculture :
_bStatus and prospects /
_c [editor and] course director, P.N. Kalla ; course coordinators, Anita Singh ... [et al.].
260 _aUdaipur :
_bAgrotech Pub. Academy,
_c©2007
300 _a192 p. :
_bill. ;
_c23 cm
500 _aIncludes inedx
650 _aSustainable agriculture.
_9203696
_zIndia.
700 _aKalla, P.N.
_9203697
700 _aSingh, Anita
_9203698
942 _2ddc
_cBK
999 _c68725
_d68725